[Event "Barcelona op rap"]
[Site "Barcelona"]
[Date "1996.12.14"]
[Round "1"]
[White "Medina Garcia, Mariano"]
[Black "Suba, Mihai"]
[Result "0-1"]
[WhiteElo "2045"]
[BlackElo "2520"]
[PlyCount "38"]
[EventDate "1996.12.??"]
[EventType "swiss (rapid)"]
[EventRounds "8"]
[EventCountry "ESP"]
[SourceTitle "EXT 2001"]
[Source "ChessBase"]
[SourceDate "2000.11.22"]
[SourceVersion "1"]
[SourceVersionDate "2000.11.22"]
[SourceQuality "1"]

1. e4 c5 2. Nf3 d6 3. d4 Nf6 4. Nc3 cxd4 5. Nxd4 e6 6. Be3 a6 7. Bd3 b5 8. 0-0 Bb7 9. f3 Nbd7 10. a3 Be7 11. b4 Rc8 12. Nce2 d5 13. Ng3 0-0 14. Be2 dxe4 15. Nxe4 Nxe4 16. fxe4 Ne5 17. Nf3 Bf6 18. Nxe5 Bxe5 19. Rb1 Qc7 0-1